000 01604nam a22002297a 4500
999 _c59702
_d59702
003 Ge_BSU
005 20230404113243.0
008 230404s1966 ge ||||| |||| 00| 0 geo d
041 _ageo
080 _a94(395.4) 94(479.22-21) ხ-34
100 _aხახუტაიშვილი, დავით
_917462
245 _aიბერიის ქალაქთა ისტორიის საკითხები :
_b[ანტიკური პერიოდი] /
_cდავით ხახუტაიშვილი ; საქ. სსრ მეცნ. აკადემია. ივ. ჯავახიშვილის სახ. ისტ., არქეოლ. და ეთნოგრ. ინ-ტი
264 _aთბილისი :
_bმეცნიერება,
_c1966.
300 _a255 გვ. ;
_b22 სმ.
500 _aპარალელ. თავფურც. რუს. ენაზე.
501 _aსაძიებლები: პირთა, გეოგრაფიული და ეთნოგრაფიული სახელები.
504 _aბიბლიოგრ. ტექსტის შენიშვნებში.
520 _aრეზუმე რუს. ენაზე: გვ. 216-246.
653 _aიბერიის ქალაქების ისტორია
710 _a საქ. სსრ მეცნ. აკადემია.
_bივ. ჯავახიშვილის სახ. ისტ., არქეოლ. და ეთნოგრ. ინ-ტი.
_917463
942 _2udc
_cBK